00496nam a22001577a 4500003001100000005001700011008004100028020001500069050002600084245010600110250001200216260005200228300002900280521000700309650002200316DEla salle20140310183003.0130209t xxu||||| |||| 00| 0 eng d a9710868160 aPN 4793.P6b.M24 2008 aFeature, editorial and opinion writing :bwith glossary of common English idioms /cAlito L. Malinao. a1st ed. aMandaluyong City :bNational Book Store,c2008. a376 p. :c22 cm.bill. ; aMC aFeature writing.